| 000 | 01068nam0a22002891 4500 | ||
|---|---|---|---|
| 001 | rc\4140408 | ||
| 005 | 20250611104721.0 | ||
| 021 |
_aRU _b[51-15041] |
||
| 035 | _a(NLR Aleph) 008162729 | ||
| 090 |
_a7804157 _c7804157 |
||
| 100 | _a20130415d1951 |||y0rusy50 ca | ||
| 101 | 0 | _arus | |
| 102 | _aRU | ||
| 105 | _aa z ||||| | ||
| 200 | 1 |
_aК проблеме воздушных инфекций _fМ-во здравоохранения СССР. Центр. ин-т усовершенствования врачей |
|
| 210 |
_aМосква _cБ. и. _d1951 |
||
| 215 |
_a108 с. _cил. _d20 |
||
| 225 | 1 | _a[Библиотека практического врача] | |
| 300 | _aПеред загл. авт.: проф. С.С. Речменский | ||
| 320 | _aБиблиогр.: с. 105-107 | ||
| 606 |
_aИнфекции воздушные _2psbo |
||
| 700 | 1 |
_aРечменский _bС.С. _f1893- _gСергей Сергеевич |
|
| 801 | 0 |
_aRU _bNLR _gpsbo |
|
| 801 | 1 |
_aRU _bELAR _2rusmarc |
|
| 852 |
_aNLR _jМд96 Г-3/137 |
||
| 942 | _cBOOK | ||
| 980 | _aNB | ||